ARRUPE JESUIT UNIVERSITY

CORONAVIRUS -STOP THE SPREAD - CLEAN,DISINFECT,COVER

Education in Zimbabwe (Record no. 126220)

MARC details
000 -LEADER
fixed length control field nam a22 7a 4500
005 - DATE AND TIME OF LATEST TRANSACTION
control field 20170223153116.0
008 - FIXED-LENGTH DATA ELEMENTS--GENERAL INFORMATION
fixed length control field 170223b xxu||||| |||| 00| 0 eng d
050 ## - LIBRARY OF CONGRESS CALL NUMBER
Classification number LA1591.M271
100 ## - MAIN ENTRY--PERSONAL NAME
Personal name Mandaza, Ibbo
9 (RLIN) 23206
245 ## - TITLE STATEMENT
Title Education in Zimbabwe
Remainder of title a brief analysis of the historical and ideological bases of colonial education. its consequences and the outline of the transformative process in the context of the national liberation struggle
Statement of responsibility, etc by Mandaza, Ibbo
260 ## - PUBLICATION, DISTRIBUTION, ETC. (IMPRINT)
Place of publication, distribution, etc Geneva
Name of publisher, distributor, etc Mandaza, Ibbo
Date of publication, distribution, etc 1979
300 ## - PHYSICAL DESCRIPTION
Extent 133p.;
Dimensions 30cm.
500 ## - GENERAL NOTE
General note photocopy
650 ## - SUBJECT ADDED ENTRY--TOPICAL TERM
Topical term or geographic name as entry element Zimbabwe
General subdivision Education
9 (RLIN) 29050
942 ## - ADDED ENTRY ELEMENTS (KOHA)
Source of classification or shelving scheme Library of Congress Classification
Item type Monograph ( Printed materials)
Holdings
Withdrawn status Lost status Source of classification or shelving scheme Damaged status Not for loan Collection code Home library Current library Shelving location Date acquired Total Checkouts Full call number Barcode Date last seen Date last borrowed Price effective from Koha item type
    Library of Congress Classification     Main Collection ARRUPE LIBRARY ARRUPE LIBRARY Main Collection 23/02/2017 1 LA1591.M271 46500024432 18/12/2019 18/11/2019 23/02/2017 Monograph ( Printed materials)

 

Arrupe Library. PO Box MP320 Mt Pleasant, Harare, Zimbabwe
263 242 745411|librarian@aju.ac.zw